| 000 | 01163nam a22002415i 4500 | ||
|---|---|---|---|
| 001 | 159683 | ||
| 003 | ES-MaACL | ||
| 005 | 20250808063153.0 | ||
| 008 | 990618s1777 fr |||| | fre d | ||
| 040 |
_aCAM _bspa _cCAM |
||
| 100 | 1 |
_aMillot, Claude-François Xavier, _d1726-1785 _eaut _9129930 |
|
| 245 | 1 | 0 |
_aMémoires politiques et militaires pour servir à l'histoire de Louis XIV & de Louis XV : _bcomposés sur les pièces originales recueillies par Adrien-Maurice, duc de Noailles... _nTome premier / _cpar M. l'abbé Millot |
| 260 |
_aA Paris : _bchez Moutard, libraire-imprimeur, _c1777. |
||
| 300 |
_a[4], XL, 411 páginas ; _c12º. |
||
| 597 | _aSign.: []2, a12, b8, A-R12, S2. | ||
| 597 | _aAntep. | ||
| 651 | 4 |
_aFrancia- _xHistoria _98679 |
|
| 700 | 1 |
_aNoailles, Adrien-Maurice, _cDuc de, _d1678-1766 _eaut _9130501 |
|
| 852 |
_aES-MaACL _cDEPO _dOlim: G-13937-42 _fEx-libris de la Biblioteca del Rey N. Señor _fSello con la leyenda: "Inventariado por las Cortes, 1874" _fSello de la Real Biblioteca, cambio-duplicado _jR-1488 _x Pasta |
||
| 942 |
_cMONANT _n0 |
||
| 999 |
_c159683 _d159683 |
||